• 首页
  • 本馆介绍
  • 公告通知
  • 最新文献
  • 馆藏检索
  • 电子资源
  • 读者导购
  • 参考咨询
  • 我的图书馆
  • 登录
  • 详细信息显示
  • 放入我的书架
  • 预约/预借图书
  • 作者相关作品
  • 分类相关作品
  • 丛书相关作品
  • 出版社相关作品

书目信息

  • 表格格式
  • 工作单格式
  • 卡片格式
题名:
复制生命
    
 
作者: 代天宇 编著
分册:  
出版信息: 北京   科学普及出版社  2007
页数: 384页
开本: 21cm
丛书名: 科普热点丛书
单 册:
中图分类: Q785
科图分类:
主题词: 无性系--基因工程
电子资源:
ISBN: 978-7-110-04587-9
000 00914oam2 2200277 450
001 1571189680
005 20150127094742.93
010    @a978-7-110-04587-9@dCNY21.00
100    @a20080304d2007 em y0chiy50 ea
101 0  @achi
102    @aCN@b110000
105    @aa z 000yy
200 1  @a复制生命@9fu zhi sheng ming@dCopying lives@e人类与克隆@ehuman beings and clone@f代天宇编著@zeng
205    @a4版
210    @a北京@c科学普及出版社@d2007
215    @a384页@c图@d21cm
225 2  @a科普热点丛书
330    @a本书分为两个部分,即生命的河流和克隆的奥秘,书中对什么是克隆技术以及各种克隆技术的相关情况做了介绍。
461  0 @12001 @a科普热点丛书
510 1  @aCopying lives@ehuman beings and clone@zeng
517 1  @a人类与克隆@9ren lei yu ke long
606 0  @a无性系@x基因工程
690    @aQ785@v5
701  0 @a代天宇@9dai tian yu@4编著
801  0 @aCN@bTSSF@c20150127
905    @aZUCC@dQ785@e1=4
    
    复制生命=Copying lives:人类与克隆:human beings and clone/代天宇编著.-4版.-北京:科学普及出版社,2007
    384页:图;21cm.-(科普热点丛书)
    
    
    ISBN 978-7-110-04587-9:CNY21.00
    本书分为两个部分,即生命的河流和克隆的奥秘,书中对什么是克隆技术以及各种克隆技术的相关情况做了介绍。
●
相关链接 在E读中查询图书 在五车中查询图书 在当当中查询图书 在豆瓣中查询图书


正题名:复制生命     索取号:Q785/1=4         预约/预借

序号 登录号 条形码 馆藏地/架位号 状态 备注
1 7851484   278514840   学院路分馆/ [索取号:Q785/1=4] 在馆    
2 7851485   278514859   学院路分馆/ [索取号:Q785/1=4] 在馆    
唐山师范学院图书馆 欢迎您!
大连网信软件有限公司© 版权所有